Quick math quiz only a short quiz 7 - Statistics

General Stats
  • This quiz has been taken 35 times
  • The average score is 16 of 20
Answer Stats
Hint Answer % Correct
22 + 22 = 44
100%
75 - 49 = 26
96%
122 - 24 98
96%
22 : 22 = 1
91%
96 : 6 = 16
91%
115 x 3 = 345
91%
127 - 79 = 48
91%
57 x 5 = 285
87%
119 x 3 = 357
87%
78 x 5 = 390
87%
49 + 113 = 162
83%
257 - 139 = 118
78%
231 + 135 = 366
78%
22 x 22 = 484
78%
625 : 5 = 125
74%
137 - 59 = 78
70%
99 + 176 = 275
61%
25 x 25 = 625
61%
231 - 135 = 96
61%
17 x 17 = 289
57%
No matching quizzes found
Score Distribution
Percent of People with Each Score
Percentile by Number Answered
Your Score History
You have not taken this quiz